Normal view
MARC view
- إعداد بظاظو، إبراهيم خليل، إعداد فراس ابو قاعود
Entry Personal Name
001 - CONTROL NUMBER
- control field: 51037
003 - CONTROL NUMBER IDENTIFIER
- control field: JO-AjAnu
005 - DATE AND TIME OF LATEST TRANSACTION
- control field: 20230606082411.0
008 - FIXED-LENGTH DATA ELEMENTS
- fixed length control field: 230606|| aca||aabn | a|a d
040 ## - CATALOGING SOURCE
- Original cataloging agency: JO-AjAnu
- Transcribing agency: JO-AjAnu
100 ## - HEADING--PERSONAL NAME
- Personal name: إعداد بظاظو، إبراهيم خليل، إعداد فراس ابو قاعود
670 ## - SOURCE DATA FOUND
- Source citation: Work cat.: (JO-AjAnu)26087: إعداد بظاظو، إبراهيم خليل، إعداد فراس ابو قاعود, author, السياحة في مادبا